BTD6 - Expert Maps - Statistics

General Stats
  • This quiz has been taken 3 times
  • The average score is 7 of 13
Answer Stats
Hint Answer % Correct
Page 3 #Ouch
100%
Page 2 Bloody Puddles
67%
Page 2 Dark Castle
67%
Page 2 Muddy Puddles
67%
Page 2 Quad
67%
Page 1 Ravine
67%
Page 1 Sanctuary
67%
Page 1 Tricky Tracks
67%
Page 1 Dark Dungeons
33%
Page 1 Flooded Valley
33%
Page 1 Glacial Trail
33%
Page 2 Workshop
33%
Page 2 Infernal
0%
No matching quizzes found
Score Distribution
Percent of People with Each Score
Percentile by Number Answered
Your Score History
You have not taken this quiz